Normal view
MARC view
Entry Topical Term
001 - CONTROL NUMBER
- control field: 21673
003 - CONTROL NUMBER IDENTIFIER
- control field:
005 - DATE AND TIME OF LATEST TRANSACTION
- control field: 20230419103032.0
008 - FIXED-LENGTH DATA ELEMENTS
- fixed length control field: 230419|| aca||aabn | a|a d
040 ## - CATALOGING SOURCE
- Original cataloging agency:
- Transcribing agency:
150 ## - HEADING--TOPICAL TERM
- Topical term or geographic name entry element: Governor
- Form subdivision: Cross River state
- General subdivision: Biography
670 ## - SOURCE DATA FOUND
- Source citation: Work cat.: ()10922: CHIGBO, Enuma aut 21668, Born to serve /, 2011.
